000 00476nam a2200181Ia 4500
001 21465
005 20260306172921.0
008 260306t2005||||xx |||||||||||||| ||spa||
041 _aESP
082 _a345.001
_bC73
100 _aCodesido, Eduardo A.
_eAUT
245 0 _aEl concepto de pena:
_by sus implicancias jurídicas en Santo Tomás de Aquino
260 _c2005
300 _a84 páginas :
_c23 cm.
650 _aGEN
654 _aCDE
942 _cLIB
_dJUS
_fJUS
_2ddc
_n
999 _c21465
_d21465